000 00788nam a2200205Ia 4500
003 GCL
005 20240530095014.0
008 140319s9999 xx 000 0 ara d
040 _aGCL /
_cGCL
082 0 4 _a737.4932
_bق/ر ن
100 1 _aرافت محمد النبراوى
245 1 0 _aالنقود الاسلامية فى مصر :
_bعصر دولة المماليك الجارسكة /
_cرافت محمد النبراوى
250 _aالثانية
260 _aالقاهرة :
_bمركز الحضارة العربية للاعلام والنشر ،
_c1996
300 _a382 ص:
_bايضاحيات ؛
_c24 سم
650 0 4 _aالنقود الاسلامية
650 0 4 _aالمسكوكات العربية
650 0 4 _aالمسكوكات القديمة
942 _2ddc
_cBK
999 _c3152
_d3152